00265nam a2200109Ia 4500008004100000082001500041100001900056245004100075260002300116300000800139650000800147191201s2012 xx 000 0 und d a658.5bADP aADAM, Evere HF 0aProduction and Operations Management aN.DelhibPHIc2012 a729 aMBA